00620nam a2200193Ia 4500008004100000020001300041082001200054100001900066245003000085250000800115260004100123300002900164500001900193600002700212650005000239942000700289952011500296999001500411240925s9999 xx 000 0 und d a70593744 a004 NOR aNorton,, Peter 0aIntroduction To Computers a6th aNew Delhi:bTata McGraw Hillc,2007. axix,536p.bNAfPhotocopy aIncludes Index aEngineering Technology aComputer science, information & general works cBK 001040708ETaUITUbUITUd2007-11-07eP.I.A g529.23l0o004 NORpQ7216r2024-09-25 07:14:31w2024-09-25yBK c9715d9715